<?xml version="1.0" encoding="UTF-8"?>
<record
    xmlns:xsi="http://www.w3.org/2001/XMLSchema-instance"
    xsi:schemaLocation="http://www.loc.gov/MARC21/slim http://www.loc.gov/standards/marcxml/schema/MARC21slim.xsd"
    xmlns="http://www.loc.gov/MARC21/slim">

  <leader>01875njm a2200373Ia 4500</leader>
  <controlfield tag="001">23978</controlfield>
  <controlfield tag="003">IT-RoPAU</controlfield>
  <controlfield tag="005">20220918181121.0</controlfield>
  <controlfield tag="008">131025s9999    xx            000 0 und d</controlfield>
  <datafield tag="040" ind1=" " ind2=" ">
    <subfield code="a">IT-RoPAU</subfield>
  </datafield>
  <datafield tag="040" ind1=" " ind2=" ">
    <subfield code="c">IT-RoPAU</subfield>
  </datafield>
  <datafield tag="999" ind1=" " ind2=" ">
    <subfield code="c">99804</subfield>
    <subfield code="d">99804</subfield>
  </datafield>
  <datafield tag="999" ind1=" " ind2=" ">
    <subfield code="b">n.d.</subfield>
  </datafield>
  <datafield tag="100" ind1=" " ind2=" ">
    <subfield code="a">AA.VV.</subfield>
    <subfield code="9">794</subfield>
  </datafield>
  <datafield tag="100" ind1=" " ind2=" ">
    <subfield code="e">Autore musica</subfield>
    <subfield code="9">8008</subfield>
  </datafield>
  <datafield tag="100" ind1=" " ind2=" ">
    <subfield code="g">Codice autore musica SPICS: 12000</subfield>
    <subfield code="9">796</subfield>
  </datafield>
  <datafield tag="245" ind1=" " ind2=" ">
    <subfield code="a">Toccatas pour orgue (Lp 6504 017)</subfield>
  </datafield>
  <datafield tag="250" ind1=" " ind2=" ">
    <subfield code="a">1a ed.</subfield>
  </datafield>
  <datafield tag="260" ind1=" " ind2=" ">
    <subfield code="a">FRANCE</subfield>
  </datafield>
  <datafield tag="260" ind1=" " ind2=" ">
    <subfield code="b">PHILIPS</subfield>
  </datafield>
  <datafield tag="300" ind1=" " ind2=" ">
    <subfield code="a">DISCO</subfield>
  </datafield>
  <datafield tag="300" ind1=" " ind2=" ">
    <subfield code="c">40 minuti (Testo:  pag.)</subfield>
  </datafield>
  <datafield tag="500" ind1=" " ind2=" ">
    <subfield code="a">Musica classica. Musica per organo de la Matthias-Kirche de Berlin</subfield>
  </datafield>
  <datafield tag="505" ind1=" " ind2=" ">
    <subfield code="a">Toccata en fa majeur, Bwv 540 (11:00) - Toccata pour l'elevation (5:00) - Toccata en fa majeur (5:00) - Toccata en sol mineur (4:00) - Toccata de la 5 symphonie pour orgue en fa majeur op. 42 (5:00) - Toccata (9:00) - Toccata op. 11 (5:00)</subfield>
  </datafield>
  <datafield tag="650" ind1=" " ind2=" ">
    <subfield code="a">CLASSICA [DISCHI]</subfield>
    <subfield code="e">Codice MATERIA SPICS: 9950</subfield>
    <subfield code="9">1157</subfield>
  </datafield>
  <datafield tag="700" ind1=" " ind2=" ">
    <subfield code="a">Guillou Jean</subfield>
    <subfield code="g">Codice interprete SPICS: 14348</subfield>
    <subfield code="9">8009</subfield>
    <subfield code="e">Interprete</subfield>
  </datafield>
  <datafield tag="700" ind1=" " ind2=" ">
    <subfield code="a">Bach Johann Sebastian</subfield>
    <subfield code="g">Codice autore musica SPICS: 9695</subfield>
    <subfield code="e">Autore musica</subfield>
    <subfield code="p">Toccata en fa majeur, Bwv 540</subfield>
    <subfield code="9">8010</subfield>
  </datafield>
  <datafield tag="700" ind1=" " ind2=" ">
    <subfield code="a">Frescobaldi Girolamo</subfield>
    <subfield code="g">Codice autore musica SPICS: 12254</subfield>
    <subfield code="e">Autore musica</subfield>
    <subfield code="p">Toccata pour l'elevation</subfield>
    <subfield code="9">8011</subfield>
  </datafield>
  <datafield tag="700" ind1=" " ind2=" ">
    <subfield code="a">Buxtehude Dietrich</subfield>
    <subfield code="g">Codice autore musica SPICS: 14345</subfield>
    <subfield code="e">Autore musica</subfield>
    <subfield code="p">Toccata en fa majeur</subfield>
    <subfield code="9">8012</subfield>
  </datafield>
  <datafield tag="700" ind1=" " ind2=" ">
    <subfield code="a">Seixas Carlos</subfield>
    <subfield code="g">Codice autore musica SPICS: 14346</subfield>
    <subfield code="e">Autore musica</subfield>
    <subfield code="p">Toccata en sol mineur</subfield>
    <subfield code="9">8013</subfield>
  </datafield>
  <datafield tag="700" ind1=" " ind2=" ">
    <subfield code="a">Widor Charles-Marie</subfield>
    <subfield code="g">Codice autore musica SPICS: 14347</subfield>
    <subfield code="e">Autore musica</subfield>
    <subfield code="p">Toccata de la 5 symphonie pour orgue en fa majeur op. 42</subfield>
    <subfield code="9">8014</subfield>
  </datafield>
  <datafield tag="700" ind1=" " ind2=" ">
    <subfield code="a">Guillou Jean</subfield>
    <subfield code="g">Codice autore musica SPICS: 14348</subfield>
    <subfield code="e">Autore musica</subfield>
    <subfield code="p">Toccata</subfield>
    <subfield code="9">8015</subfield>
  </datafield>
  <datafield tag="700" ind1=" " ind2=" ">
    <subfield code="a">Prokofiev Sergiej</subfield>
    <subfield code="g">Codice autore musica SPICS: 11086</subfield>
    <subfield code="e">Autore musica</subfield>
    <subfield code="p">Toccata op . 11</subfield>
    <subfield code="9">8016</subfield>
  </datafield>
  <datafield tag="942" ind1=" " ind2=" ">
    <subfield code="c">MD</subfield>
    <subfield code="2">ddc</subfield>
  </datafield>
  <datafield tag="952" ind1=" " ind2=" ">
    <subfield code="0">0</subfield>
    <subfield code="1">0</subfield>
    <subfield code="4">0</subfield>
    <subfield code="6">23978_000000000000000</subfield>
    <subfield code="7">1</subfield>
    <subfield code="a">SPICS</subfield>
    <subfield code="b">SPICS</subfield>
    <subfield code="d">2013-10-25</subfield>
    <subfield code="l">0</subfield>
    <subfield code="o">23978</subfield>
    <subfield code="r">2013-10-25 00:00:00</subfield>
    <subfield code="w">2013-10-25</subfield>
    <subfield code="y">MD</subfield>
    <subfield code="z">Progr. Ins.: 4825 / N.Vol.: 1 / Copie: 1 - Copia rara: n.d. / date import: 01.01.2014 - By Epidotti, Trombetti, Vaglietti</subfield>
  </datafield>
</record>
